<?xml version="1.0" encoding="UTF-8"?>
<marc:record xmlns:marc="http://www.loc.gov/MARC21/slim">
   <marc:leader>00000nam a2200000 a 4500</marc:leader>
   <marc:datafield ind1="1" ind2=" " tag="100">
      <marc:subfield code="a">Mende, Johannes</marc:subfield>
      <marc:subfield code="4">aut</marc:subfield>
      <marc:subfield code="e">Verfasser/-in</marc:subfield>
   </marc:datafield>
   <marc:datafield ind1=" " ind2=" " tag="653">
      <marc:subfield code="a">Ratgeber</marc:subfield>
   </marc:datafield>
   <marc:datafield ind1=" " ind2=" " tag="653">
      <marc:subfield code="a">Muskeltraining</marc:subfield>
   </marc:datafield>
   <marc:datafield ind1="0" ind2="0" tag="245">
      <marc:subfield code="a">Muskeltraining</marc:subfield>
   </marc:datafield>
   <marc:datafield ind1="0" ind2="0" tag="245">
      <marc:subfield code="b">Übungsprogramme mit Kleingeräten</marc:subfield>
   </marc:datafield>
   <marc:datafield ind1=" " ind2="1" tag="264">
      <marc:subfield code="b">Rowohlt</marc:subfield>
      <marc:subfield code="c">1989</marc:subfield>
   </marc:datafield>
   <marc:datafield ind1="1" ind2=" " tag="520">
      <marc:subfield code="a">Während Mende im Buch "Körpertraining" (BA 9/88) Übungsprogramme mit Trainingsmaschinen erläutert hat, beschreibt er im vorliegenden Band Übungsprogramme mit Kleingeräten, die ausserhalb eines Studios mit verhältnismässig geringem Anspruch an Raum und Geld ausgeführt werden können. Nach kurzer Vermittlung von Trainingsgrundlagen werden Trainingswirkungen, Ausgangspositionen, Endpositionen, Bewegungsabläufe, Übungsgeräte, Variationen und Hinweise für zahlreiche Ganz- und Teilkörperübungen, aufgegliedert nach Körperpartien, dargeboten und in Fotos dargestellt. Trainingsprogramme für Anfänger und Fortgeschrittene, Literaturhinweise und Glossar beschliessen den Band. (2)</marc:subfield>
   </marc:datafield>
   <marc:datafield ind1="3" ind2=" " tag="024">
      <marc:subfield code="a">3499186403</marc:subfield>
   </marc:datafield>
</marc:record>
